[Event "Asia-ch U26"]
[Site "Negombo"]
[Date "2003.??.??"]
[Round "?"]
[White "De Silva, Kaushika"]
[Black "Athula Russell, MK."]
[Result "0-1"]
[WhiteElo "2079"]
[BlackElo "2361"]
[PlyCount "92"]
[EventDate "2003.07.??"]
[EventType "swiss"]
[EventRounds "7"]
[EventCountry "SRI"]
[SourceTitle "EXT 2007"]
[Source "ChessBase"]
[SourceDate "2006.11.23"]
[SourceVersion "1"]
[SourceVersionDate "2006.11.23"]
[SourceQuality "1"]

1. e4 c5 2. c3 d5 3. exd5 Qxd5 4. d4 Nf6 5. Nf3 Bg4 6. Be2 e6 7. 0-0 Nc6 8. h3 Bh5 9. Be3 cxd4 10. Nxd4 Bxe2 11. Qxe2 Nxd4 12. Bxd4 Be7 13. Rd1 Qc6 14. c4 0-0 15. Nc3 Rac8 16. b3 a6 17. Rd3 Rfd8 18. Rad1 Ne8 19. Na4 Bf8 20. Nb6 Rxd4 21. Nxc8 Rxd3 22. Qxd3 Qxc8 23. Qd7 Qxd7 24. Rxd7 Bb4 25. Rxb7 a5 26. Rb5 Kf8 27. a3 Bc3 28. c5 Nc7 29. Rb7 Nd5 30. Rb8+ Ke7 31. Rb7+ Ke8 32. c6 f5 33. Kf1 Kd8 34. Ke2 Nf4+ 35. Kf3 Nd5 36. g3 Be5 37. b4 axb4 38. axb4 Bc7 39. b5 e5 40. Ke2 Nb6 41. Kd3 Nc8 42. g4 g6 43. gxf5 gxf5 44. h4 Nd6 45. Ra7 e4+ 46. Kd4 Bb6+ 0-1

[Event "Asia-ch U26"]
[Site "Negombo"]
[Date "2003.??.??"]
[Round "?"]
[White "De Silva, Kaushika"]
[Black "De Silva, Nuwan"]
[Result "0-1"]
[WhiteElo "2095"]
[BlackElo "2210"]
[PlyCount "52"]
[EventDate "2003.07.??"]
[EventType "swiss"]
[EventRounds "7"]
[EventCountry "SRI"]
[SourceTitle "EXT 2007"]
[Source "ChessBase"]
[SourceDate "2006.11.23"]
[SourceVersion "1"]
[SourceVersionDate "2006.11.23"]
[SourceQuality "1"]

1. e4 c5 2. Nf3 Nc6 3. d4 cxd4 4. Nxd4 Nf6 5. Nc3 d6 6. Be3 g6 7. f3 Bg7 8. Bc4 0-0 9. Qd2 Bd7 10. 0-0-0 Ne5 11. Bb3 b5 12. Ndxb5 Qb8 13. Nd4 Rc8 14. h4 a5 15. a4 Nc4 16. Bxc4 Rxc4 17. b3 Rc8 18. Nde2 Qb4 19. Bd4 Rab8 20. Kb2 h5 21. Rhe1 Rb7 22. Nc1 Rbc7 23. N3a2 Qb7 24. e5 Ne8 25. exd6 Nxd6 26. Bxg7 Nc4+ 0-1

[Event "Asia-ch U26"]
[Site "Negombo"]
[Date "2003.??.??"]
[Round "?"]
[White "Dehigama, DRNKB"]
[Black "De Silva, Kaushika"]
[Result "0-1"]
[WhiteElo "2040"]
[BlackElo "2079"]
[PlyCount "120"]
[EventDate "2003.07.??"]
[EventType "swiss"]
[EventRounds "7"]
[EventCountry "SRI"]
[SourceTitle "EXT 2007"]
[Source "ChessBase"]
[SourceDate "2006.11.23"]
[SourceVersion "1"]
[SourceVersionDate "2006.11.23"]
[SourceQuality "1"]

1. e4 c5 2. Nc3 Nc6 3. g3 g6 4. Bg2 Bg7 5. f4 e6 6. d3 Nge7 7. Nf3 0-0 8. 0-0 d5 9. Ne2 b6 10. c3 Ba6 11. e5 Rc8 12. Re1 Qc7 13. Be3 Rfd8 14. d4 Nf5 15. Bf2 Bxe2 16. Rxe2 cxd4 17. Nxd4 Nfxd4 18. cxd4 Na5 19. b3 Qc6 20. Be3 Qb7 21. Rc1 Bf8 22. Rec2 Ba3 23. Rxc8 Rxc8 24. Rc2 Rxc2 25. Qxc2 Qc6 26. Qd2 Kf8 27. Bf1 Nb7 28. Bd3 a5 29. Qc2 Qxc2 30. Bxc2 Nd8 31. g4 Nc6 32. Bd3 Bb2 33. Bb5 Bxd4 34. Kf2 Bxe3+ 35. Kxe3 Na7 36. Bd3 Ke7 37. h4 h6 38. a3 Kd7 39. f5 g5 40. h5 Nc6 41. Bb5 Kc7 42. Bxc6 Kxc6 43. Kd4 Kb5 44. f6 Kc6 45. a4 b5 46. axb5+ Kxb5 47. Kc3 Kc5 48. Kd3 Kb5 49. Kc3 a4 50. b4 a3 51. Kb3 a2 52. Kxa2 Kxb4 53. Kb2 Kc4 54. Ka3 Kc3 55. Ka4 d4 56. Kb5 d3 57. Kc6 d2 58. Kd7 d1Q+ 59. Ke7 Qxg4 60. Kxf7 Qf5 0-1